Funding regeneration (Record no. 118497)

MARC details
000 -LEADER
fixed length control field 01288cam a2200265 4500
001 - CONTROL NUMBER
control field ABS68731
008 - FIXED-LENGTH DATA ELEMENTS--GENERAL INFORMATION
fixed length control field 050209n2005 000 0 eng u
035 ## - SYSTEM CONTROL NUMBER
System control number (Sirsi) u128743
100 ## - MAIN ENTRY--PERSONAL NAME
Personal name Craig, J.
245 ## - TITLE STATEMENT
Title Funding regeneration
260 ## - PUBLICATION, DISTRIBUTION, ETC.
Date of publication, distribution, etc. 2005
490 ## - SERIES STATEMENT
Series statement RICS Business
Volume/sequential designation February 2005, 20-22(3)
520 ## - SUMMARY, ETC.
Summary, etc. Directs surveyors' attention to the European Investment Bank (EIB) as a possible source of funding for urban development projects. Looks at the areas of activity supported by the EIB, its appraisal criteria and financing levels. Describes a representative range of projects and schemes funded by the EIB and gives sources of further information about the EIB's activities. View this article at www.rics.org.
590 ## - LOCAL NOTE (RLIN)
Local note ABS
590 ## - LOCAL NOTE (RLIN)
Local note ABS
650 ## - SUBJECT ADDED ENTRY--TOPICAL TERM
Topical term or geographic name entry element URBAN RENEWAL
650 ## - SUBJECT ADDED ENTRY--TOPICAL TERM
Topical term or geographic name entry element URBAN DEVELOPMENT
650 ## - SUBJECT ADDED ENTRY--TOPICAL TERM
Topical term or geographic name entry element EUROPEAN INVESTMENT BANK
650 ## - SUBJECT ADDED ENTRY--TOPICAL TERM
Topical term or geographic name entry element PROJECT FINANCE
690 ## - LOCAL SUBJECT ADDED ENTRY--TOPICAL TERM (OCLC, RLIN)
Topical term or geographic name as entry element FINANCE
700 ## - ADDED ENTRY--PERSONAL NAME
Personal name Gilbertson, C.
856 ## - ELECTRONIC LOCATION AND ACCESS
Host name Œuhttp://www.rics.org/RICSservices/RICSjournalsandmagazines/RICSBusiness/funding_regen160205.htmŒzView the article on the RICS website...
856 ## - ELECTRONIC LOCATION AND ACCESS
Host name Œuhttp://www.rics.org/RICSservices/RICSjournalsandmagazines/RICSBusiness/funding_regen160205.htmŒzView the article on the RICS website...
942 ## - ADDED ENTRY ELEMENTS (KOHA)
Suppress in OPAC 0
Holdings
Withdrawn status Lost status Source of classification or shelving scheme Damaged status Not for loan Home library Current library Shelving location Date acquired Total Checkouts Full call number Barcode Date last seen Copy number Price effective from Koha item type
    Dewey Decimal Classification     London London Journal article 09/02/2005   ABS68731 128743-1001 06/08/2019 1 06/08/2019 Journal article